000 00493pab a2200169 454500
008 180718b2012 xxu||||| |||| 00| 0 eng d
100 _aZhang, Wei-Bin
245 _aA multi-regional monetary growth model with the MIU approach -Inflation policy, capital accumulation and economic geography
260 _c2012
300 _ap.223-245.
362 _aJul-Dec
650 _aEconomic geography
650 _aInflation
773 _aIndian Economic Review
908 _aN
909 _a105100
999 _c105095
_d105095